[Event "42. Torneo Internacional de La Roda"]
[Site "La Roda ESP"]
[Date "2015.04.03"]
[Round "4.8"]
[White "Peralta, Fernando"]
[Black "Domingo Nunez, Ruben"]
[Result "1-0"]
[WhiteElo "2569"]
[BlackElo "2086"]
[PlyCount "179"]
[EventDate "2015.04.01"]
[EventType "swiss"]
[EventRounds "9"]
[EventCountry "ESP"]
[Source "lmi"]
[SourceDate "2015.04.01"]

1. Nf3 Nf6 2. c4 g6 3. Nc3 Bg7 4. e4 d6 5. d4 O-O 6. h3 e5 7. d5 Nh5 8. g3 a5
9. Nh2 Na6 10. Be2 Nf6 11. Ng4 Nc5 12. Nxf6+ Qxf6 13. h4 Qe7 14. h5 f5 15. hxg6
hxg6 16. Be3 b6 17. exf5 Bxf5 18. g4 Bd7 19. Qc2 e4 20. O-O-O a4 21. a3 Rf7 22.
Kb1 Raf8 23. Ka2 Rxf2 24. Bxf2 Rxf2 25. Rdf1 Rg2 26. Rfg1 Rf2 27. Nd1 Rf4 28.
Rf1 g5 29. Ne3 Qf6 30. Ng2 Rf2 31. Rxf2 Qxf2 32. Ne1 Nb3 33. Bd1 e3 34. Qh7+
Kf8 35. Qh2 Qd2 36. Qxd2 exd2 37. Nf3 Bxg4 38. Nxg5 Bxd1 39. Rxd1 Bh6 40. Ne4
Kf7 41. Kb1 Kg6 42. Kc2 Kf5 43. Nc3 Nc5 44. Rh1 Kg6 45. Rf1 Nd7 46. Nxa4 Ne5
47. b3 Ng4 48. Rg1 Kf5 49. Nc3 Be3 50. Rf1+ Bf4 51. Nd1 Nh2 52. Rg1 Nf3 53. Rg8
Ke4 54. Nc3+ Ke3 55. Nd1+ Ke4 56. Re8+ Kd4 57. Rf8 Ke4 58. Nc3+ Ke3 59. Nd1+
Ke4 60. Rf7 Nd4+ 61. Kc3 Ne2+ 62. Kc2 Nd4+ 63. Kb2 Be5 64. Kc3 Nf3+ 65. Kc2 Bf4
66. Nc3+ Ke3 67. Nd1+ Ke4 68. Rxc7 Ne1+ 69. Kc3 Kf3 70. Rf7 Ng2 71. Rxf4+ Nxf4
72. Kxd2 Ke4 73. Kc3 Nd3 74. Nb2 Nc1 75. Na4 b5 76. cxb5 Kxd5 77. Nb2 Ne2+ 78.
Kb4 Nd4 79. a4 Nc2+ 80. Kc3 Nd4 81. Nc4 Ne2+ 82. Kb4 Nc1 83. Ne3+ Ke6 84. Kc4
Ne2 85. a5 Kd7 86. a6 Kc8 87. Nd5 Ng3 88. b6 Ne4 89. a7 Kb7 90. Nc7 1-0

[Event "42. Torneo Internacional de La Roda"]
[Site "La Roda ESP"]
[Date "2015.04.03"]
[Round "4.9"]
[White "Perez Candelario, Manuel"]
[Black "Garcia Trobat, Francisco"]
[Result "1-0"]
[WhiteElo "2566"]
[BlackElo "2278"]
[PlyCount "59"]
[EventDate "2015.04.01"]
[EventType "swiss"]
[EventRounds "9"]
[EventCountry "ESP"]
[Source "lmi"]
[SourceDate "2015.04.01"]

1. e4 c5 2. Nf3 d6 3. d4 cxd4 4. Nxd4 Nf6 5. Nc3 Nc6 6. g3 Bg4 7. f3 Bd7 8. Be3
g6 9. Qd2 Bg7 10. O-O-O Rc8 11. Kb1 Ne5 12. g4 O-O 13. h4 h5 14. gxh5 Nxh5 15.
Rg1 Rxc3 16. Qxc3 Nxf3 17. Be2 Nxg1 18. Rxg1 Nf6 19. h5 e5 20. Nb5 Bxb5 21.
Bxb5 Nxh5 22. Bc4 Nf4 23. Bxf4 Qh4 24. Bg5 Qxe4 25. Qb3 b5 26. Bd5 Qf5 27. Bc1
Rc8 28. Rg5 Qf1 29. Rxg6 Kh7 30. Rxd6 1-0

[Event "42. Torneo Internacional de La Roda"]
[Site "La Roda ESP"]
[Date "2015.04.03"]
[Round "4.10"]
[White "Gonzalez, Raul Omar"]
[Black "Arribas Lopez, Angel"]
[Result "0-1"]
[WhiteElo "2274"]
[BlackElo "2524"]
[PlyCount "132"]
[EventDate "2015.04.01"]
[EventType "swiss"]
[EventRounds "9"]
[EventCountry "ESP"]
[Source "lmi"]
[SourceDate "2015.04.01"]

1. d4 Nf6 2. c4 e6 3. a3 c5 4. e3 a6 5. Nf3 d5 6. dxc5 Bxc5 7. b4 Ba7 8. Bb2
O-O 9. Be2 Nc6 10. O-O Qe7 11. Nc3 Rd8 12. Qc2 d4 13. exd4 Nxd4 14. Nxd4 Bxd4
15. Bf3 a5 16. Nb5 Bxb2 17. Qxb2 Bd7 18. Nc3 Bc6 19. Be2 b6 20. Rad1 Nd7 21.
Rd3 Ne5 22. Rg3 axb4 23. axb4 Qf6 24. Qc1 Rd4 25. Rd1 Nxc4 26. Rxd4 Qxd4 27.
Rg4 Qd2 28. Qxd2 Nxd2 29. Rd4 Nb3 30. Rd6 Ra1+ 31. Nd1 Be8 32. h4 Kf8 33. Kh2
Ke7 34. Rxb6 Nd4 35. Ra6 Rc1 36. Ra7+ Kf8 37. Bh5 g6 38. Bg4 h5 39. Ne3 hxg4
40. Nxg4 Nb5 41. Ra8 Ke7 42. Nh6 f5 43. Ng8+ Kf7 44. Nh6+ Kf8 45. g4 Rc4 46. h5
gxh5 47. gxf5 exf5 48. Nxf5 Rf4 49. Ng7 Kxg7 50. Rxe8 Rxb4 51. Re5 Kg6 52. f4
Nd4 53. Rg5+ Kh6 54. Rg8 Rb7 55. Kg2 Rg7+ 56. Rxg7 Kxg7 57. f5 Nxf5 58. Kh3 Kg6
59. Kg2 Kg5 60. Kh3 h4 61. Kg2 Kg4 62. Kh2 Ne3 63. Kh1 Kg3 64. Kg1 h3 65. Kh1
Ng4 66. Kg1 h2+ 0-1

[Event "42. Torneo Internacional de La Roda"]
[Site "La Roda ESP"]
[Date "2015.04.03"]
[Round "4.11"]
[White "Nicolas Zapata, Irene"]
[Black "Forcen Esteban, Daniel"]
[Result "0-1"]
[WhiteElo "2186"]
[BlackElo "2519"]
[PlyCount "72"]
[EventDate "2015.04.01"]
[EventType "swiss"]
[EventRounds "9"]
[EventCountry "ESP"]
[Source "lmi"]
[SourceDate "2015.04.01"]

1. Nf3 c5 2. c4 Nf6 3. e3 Nc6 4. Nc3 e5 5. d4 e4 6. Ne5 h5 7. Be2 Bd6 8. Nb5
Bb8 9. Nxf7 Kxf7 10. dxc5 Qe7 11. Nd6+ Ke6 12. Qb3 Bxd6 13. cxd6 Kxd6 14. Bd2
Kc7 15. Qa4 d6 16. b4 Bg4 17. f3 Bd7 18. b5 Ne5 19. O-O-O Nf7 20. Qa3 a5 21.
Be1 b6 22. Bg3 h4 23. Bf4 g5 24. Bxd6+ Nxd6 25. c5 Nf5 26. cxb6+ Kd8 27. Qb2
Rc8+ 28. Kb1 Qb4 29. b7 Qxb2+ 30. Kxb2 Rb8 31. fxe4 Nxe3 32. Rd3 Nc4+ 33. Kb3
Ne5 34. Rd6 Ke7 35. Rb6 Be6+ 36. Ka4 Nfd7 0-1

[Event "42. Torneo Internacional de La Roda"]
[Site "La Roda ESP"]
[Date "2015.04.03"]
[Round "4.12"]
[White "Alshameary Puente, Ismael"]
[Black "Moreno Ruiz, Javier"]
[Result "1/2-1/2"]
[WhiteElo "2251"]
[BlackElo "2461"]
[PlyCount "77"]
[EventDate "2015.04.01"]
[EventType "swiss"]
[EventRounds "9"]
[EventCountry "ESP"]
[Source "lmi"]
[SourceDate "2015.04.01"]

1. d4 Nf6 2. c4 e6 3. Nc3 Bb4 4. f3 d5 5. a3 Bxc3+ 6. bxc3 O-O 7. cxd5 exd5 8.
e3 c5 9. Bd3 Re8 10. Ne2 b6 11. O-O Ba6 12. Ng3 Bxd3 13. Qxd3 Nc6 14. Bb2 c4
15. Qe2 h5 16. e4 h4 17. Nf5 dxe4 18. fxe4 Rxe4 19. Qxc4 Rc8 20. Qb5 Ne7 21.
Nh6+ gxh6 22. Rxf6 Qd5 23. a4 Qxb5 24. axb5 Nd5 25. Rc6 Rce8 26. c4 Nf4 27. Rf6
Ne2+ 28. Kf1 Nxd4 29. Rxh6 Rf4+ 30. Kg1 Re2 31. g3 hxg3 32. hxg3 Rg4 33. Bxd4
Rxd4 34. Rh4 Rd3 35. Kf1 Rc2 36. Rg4+ Kf8 37. Rf4 Rh2 38. Kg1 Rc2 39. Rxa7
1/2-1/2

[Event "42. Torneo Internacional de La Roda"]
[Site "La Roda ESP"]
[Date "2015.04.03"]
[Round "4.13"]
[White "Smirnov, Artem"]
[Black "Cano Gimenez, Vicente"]
[Result "1/2-1/2"]
[WhiteElo "2456"]
[BlackElo "2243"]
[PlyCount "136"]
[EventDate "2015.04.01"]
[EventType "swiss"]
[EventRounds "9"]
[EventCountry "ESP"]
[Source "lmi"]
[SourceDate "2015.04.01"]

1. d4 Nf6 2. Bg5 d5 3. Nd2 Nbd7 4. Ngf3 g6 5. e3 Bg7 6. c4 O-O 7. cxd5 Nxd5 8.
Bc4 N7b6 9. Bb3 a5 10. a4 Nb4 11. O-O Bf5 12. e4 Bd7 13. h3 Rc8 14. Be3 Qe8 15.
Ne5 Kh8 16. Ndf3 Nc6 17. Nxc6 Bxc6 18. d5 Bd7 19. Bd4 c5 20. Bxg7+ Kxg7 21. Qd2
Nxa4 22. Bxa4 Bxa4 23. Qxa5 Bb5 24. Rfc1 Be2 25. Rxc5 Bxf3 26. Qc3+ Kg8 27.
gxf3 Qd7 28. Kg2 Rxc5 29. Qxc5 Rc8 30. Qd4 Qb5 31. Ra3 f6 32. Rc3 Ra8 33. Qc4
Qa6 34. Qxa6 bxa6 35. Rc7 Re8 36. Ra7 Kf8 37. d6 exd6 38. Rxh7 Re5 39. Rd7 Re6
40. h4 Ke8 41. Ra7 d5 42. exd5 Rd6 43. b4 Rb6 44. Kg3 Rxb4 45. Rxa6 Ke7 46.
Re6+ Kf7 47. Re4 Rb1 48. Rd4 Ke7 49. Re4+ Kf7 50. Rd4 Ke7 51. Rg4 Kf7 52. Ra4
Ke7 53. Ra7+ Kd6 54. Ra6+ Ke5 55. d6 Rg1+ 56. Kh3 Rd1 57. Kg3 Rg1+ 58. Kh3 Rd1
59. f4+ Kxf4 60. d7 Kf5 61. Ra7 Ke6 62. Ra6+ Kf5 63. Ra7 Ke6 64. Ra8 Rxd7 65.
Kg3 Rd4 66. Ra6+ Kf5 67. Ra5+ Ke6 68. Ra6+ Kf5 1/2-1/2

[Event "42. Torneo Internacional de La Roda"]
[Site "La Roda ESP"]
[Date "2015.04.03"]
[Round "4.14"]
[White "Domingo Nunez, Alejandro"]
[Black "Paunovic, Dragan"]
[Result "0-1"]
[WhiteElo "2185"]
[BlackElo "2442"]
[PlyCount "80"]
[EventDate "2015.04.01"]
[EventType "swiss"]
[EventRounds "9"]
[EventCountry "ESP"]
[Source "lmi"]
[SourceDate "2015.04.01"]

1. e4 c5 2. d4 cxd4 3. c3 d3 4. Bxd3 d6 5. c4 Nf6 6. Nc3 g6 7. h3 Bg7 8. Nf3
O-O 9. O-O Nbd7 10. Be3 b6 11. Qe2 Bb7 12. Rfd1 Rc8 13. Rac1 Re8 14. Nd5 Nc5
15. Bg5 e6 16. Nc3 h6 17. Bh4 Qe7 18. Bb1 a6 19. b4 Ncd7 20. Bg3 Ne5 21. Bxe5
dxe5 22. a3 Qc7 23. c5 bxc5 24. Na4 c4 25. Nc5 a5 26. Qxc4 axb4 27. axb4 Bf8
28. Nd7 Qxd7 29. Rxd7 Rxc4 30. Rxc4 Nxd7 31. Rc7 Bc8 32. b5 Bd6 33. Rc1 Kf8 34.
Nd2 Bb7 35. Rd1 Ke7 36. Nc4 Bb4 37. Bd3 Nc5 38. Nxe5 Rd8 39. f3 Bc3 40. Rc1
Bxe5 0-1

[Event "42. Torneo Internacional de La Roda"]
[Site "La Roda ESP"]
[Date "2015.04.03"]
[Round "4.15"]
[White "Uran Bermudez, Oliver Kevin"]
[Black "Garza Marco, Sergio"]
[Result "1-0"]
[WhiteElo "2174"]
[BlackElo "2415"]
[PlyCount "59"]
[EventDate "2015.04.01"]
[EventType "swiss"]
[EventRounds "9"]
[EventCountry "ESP"]
[Source "lmi"]
[SourceDate "2015.04.01"]

1. e4 e6 2. d4 d5 3. Nc3 Nc6 4. Be3 Bb4 5. e5 f6 6. Qg4 Qe7 7. f4 Bd7 8. Bd3
O-O-O 9. Nge2 h5 10. Qh3 Nh6 11. Qxh5 Nxd4 12. Bxd4 c5 13. Bf2 d4 14. a3 c4 15.
axb4 dxc3 16. Be4 cxb2 17. Rb1 Qxb4+ 18. c3 Qa5 19. Qf3 f5 20. Bxb7+ Kc7 21.
O-O Ng4 22. Nd4 Qb6 23. Bc6 Nxf2 24. Bxd7 Ng4 25. h3 Nh6 26. Ba4 g5 27. Qe2
Rxd4 28. cxd4 Qxd4+ 29. Qf2 Qxf2+ 30. Rxf2 1-0

[Event "42. Torneo Internacional de La Roda"]
[Site "La Roda ESP"]
[Date "2015.04.03"]
[Round "4.16"]
[White "Lopez Mulet, Inigo"]
[Black "Hernandez Munoz, Antonio Ramon"]
[Result "1-0"]
[WhiteElo "2356"]
[BlackElo "2206"]
[PlyCount "77"]
[EventDate "2015.04.01"]
[EventType "swiss"]
[EventRounds "9"]
[EventCountry "ESP"]
[Source "lmi"]
[SourceDate "2015.04.01"]

1. d4 d5 2. c4 c6 3. Nf3 Nf6 4. g3 g6 5. Bg2 Bg7 6. Nc3 Ne4 7. Qb3 Qb6 8. cxd5
Qxb3 9. axb3 Nxc3 10. bxc3 cxd5 11. Nd2 e6 12. e4 e5 13. exd5 exd4 14. c4 O-O
15. O-O Re8 16. Ne4 Nd7 17. Ba3 Ne5 18. Nd6 Rd8 19. h3 a6 20. f4 Nd7 21. Rfd1
Rb8 22. c5 d3 23. c6 Bxa1 24. c7 Bd4+ 25. Kh2 Bb6 26. cxd8=Q+ Bxd8 27. Rxd3 Nf6
28. Nxc8 Rxc8 29. d6 Rc2 30. g4 Nd7 31. Kg3 b5 32. Bb4 g5 33. fxg5 Bxg5 34. Bb7
a5 35. Bxa5 Nc5 36. Rd5 h6 37. Ba8 Nxb3 38. d7 Nxa5 39. Rxg5+ 1-0

[Event "42. Torneo Internacional de La Roda"]
[Site "La Roda ESP"]
[Date "2015.04.03"]
[Round "4.17"]
[White "Almagro Mazariegos, Sebastian"]
[Black "Dias, Ivo Rodrigues"]
[Result "1/2-1/2"]
[WhiteElo "2345"]
[BlackElo "2169"]
[PlyCount "30"]
[EventDate "2015.04.01"]
[EventType "swiss"]
[EventRounds "9"]
[EventCountry "ESP"]
[Source "lmi"]
[SourceDate "2015.04.01"]

1. e4 c5 2. Nf3 d6 3. d4 cxd4 4. Nxd4 Nf6 5. Nc3 a6 6. g3 b5 7. Bg2 Bb7 8. O-O
e6 9. Re1 Qc7 10. a4 bxa4 11. Nxa4 Be7 12. c4 Nbd7 13. b3 O-O 14. f4 Rfd8 15.
Nc3 d5 1/2-1/2

[Event "42. Torneo Internacional de La Roda"]
[Site "La Roda ESP"]
[Date "2015.04.03"]
[Round "4.18"]
[White "Rodriguez Garcia, Manuel Fco"]
[Black "Plazuelo Pascual, Juan"]
[Result "0-1"]
[WhiteElo "2161"]
[BlackElo "2323"]
[PlyCount "114"]
[EventDate "2015.04.01"]
[EventType "swiss"]
[EventRounds "9"]
[EventCountry "ESP"]
[Source "lmi"]
[SourceDate "2015.04.01"]

1. e4 e6 2. d4 d5 3. Nc3 Nc6 4. Nf3 Nf6 5. Bg5 Be7 6. e5 Ne4 7. Bxe7 Qxe7 8. a3
Nxc3 9. bxc3 Bd7 10. Bd3 f6 11. Qe2 O-O-O 12. O-O Kb8 13. Rfb1 Ka8 14. a4 Na5
15. Nd2 c5 16. Bb5 c4 17. exf6 gxf6 18. Re1 Bc8 19. f4 a6 20. f5 Rd6 21. Qf3 e5
22. dxe5 fxe5 23. Qg3 e4 24. Nf3 axb5 25. axb5 b6 26. Nd4 Bd7 27. Rf1 Rf6 28.
Qc7 Qd6 29. Rxa5+ bxa5 30. Qxa5+ Kb7 31. Ra1 Qb6 32. Qb4 Ra8 33. Rxa8 Kxa8 34.
Qe7 Qd6 35. Qxh7 e3 36. g4 Rh6 37. Qg8+ Kb7 38. Nf3 Rf6 39. Qg5 Qe7 40. Qf4 e2
41. Kf2 Rf8 42. b6 Bc6 43. Qc7+ Qxc7 44. bxc7 Kxc7 45. Kxe2 Kd6 46. Ke3 Ba4 47.
Nd4 Re8+ 48. Kf4 Re4+ 49. Kg5 Rxd4 50. cxd4 Bxc2 51. h4 c3 52. h5 Bxf5 53. Kxf5
c2 54. h6 c1=Q 55. Kg6 Qc8 56. g5 Qg8+ 57. Kh5 Ke6 0-1

[Event "42. Torneo Internacional de La Roda"]
[Site "La Roda ESP"]
[Date "2015.04.03"]
[Round "4.19"]
[White "Garcia Martin, Marta"]
[Black "Moya Albaladejo, Jose Antonio"]
[Result "1-0"]
[WhiteElo "2156"]
[BlackElo "1909"]
[PlyCount "91"]
[EventDate "2015.04.01"]
[EventType "swiss"]
[EventRounds "9"]
[EventCountry "ESP"]
[Source "lmi"]
[SourceDate "2015.04.01"]

1. e4 e5 2. Nf3 Nc6 3. Bc4 Bc5 4. c3 Nf6 5. d3 a6 6. Nbd2 Ba7 7. Bb3 O-O 8. O-O
d5 9. exd5 Nxd5 10. Bc2 Bg4 11. h3 Bh5 12. Re1 Re8 13. Ne4 f6 14. Ng3 Bf7 15.
Nh4 g6 16. Nf3 Qd7 17. Nh2 h5 18. Ne4 Kg7 19. Qf3 Rf8 20. Qg3 Nce7 21. Bd2 Rae8
22. Rad1 Nf5 23. Qf3 Nh4 24. Qe2 Nf4 25. Bxf4 exf4 26. Nf3 Nf5 27. h4 Bd5 28.
Qd2 Bxe4 29. Rxe4 Rxe4 30. dxe4 Qxd2 31. Rxd2 Nd6 32. e5 fxe5 33. Nxe5 Rf6 34.
Kf1 Bb6 35. Nd7 Nc4 36. Re2 Rf7 37. Nxb6 Nxb6 38. Re6 Rf6 39. Re7+ Rf7 40. Re8
c6 41. Ke2 Nd5 42. Kf3 Nf6 43. Re6 Rd7 44. Ke2 Kf7 45. Re5 Ng4 46. Re4 1-0

[Event "42. Torneo Internacional de La Roda"]
[Site "La Roda ESP"]
[Date "2015.04.03"]
[Round "4.20"]
[White "Rodriguez Garcia, Carlos"]
[Black "Santos Ruiz, Miguel"]
[Result "0-1"]
[WhiteElo "2154"]
[BlackElo "2315"]
[PlyCount "92"]
[EventDate "2015.04.01"]
[EventType "swiss"]
[EventRounds "9"]
[EventCountry "ESP"]
[Source "lmi"]
[SourceDate "2015.04.01"]

1. e4 c5 2. Nf3 Nc6 3. Bb5 g6 4. Bxc6 bxc6 5. O-O Bg7 6. c3 Nh6 7. d4 cxd4 8.
cxd4 O-O 9. Nc3 d5 10. Ne5 dxe4 11. Nxe4 Nf5 12. Be3 Qb6 13. Qb3 Be6 14. Qxb6
axb6 15. Ng5 Bxa2 16. Nxc6 Bd5 17. Nb4 Bc4 18. Rxa8 Rxa8 19. Rc1 Bxd4 20. Rxc4
Nxe3 21. fxe3 Bxe3+ 22. Kf1 Bxg5 23. Nd5 Ra1+ 24. Ke2 Rg1 25. Kf3 Rd1 26. Nxb6
Rd3+ 27. Kg4 h6 28. g3 Rb3 29. Nd5 Rxb2 30. h4 Bf6 31. Nxf6+ exf6 32. Ra4 Kg7
33. Rc4 Rb3 34. Ra4 h5+ 35. Kh3 Re3 36. Ra5 f5 37. Kg2 Re4 38. Kf3 Rg4 39. Ra7
f4 40. gxf4 Rxh4 41. Kg3 Rg4+ 42. Kf3 Rg1 43. Kf2 Rb1 44. Kg3 Rb3+ 45. Kh4 Rf3
46. Ra4 Kh6 0-1

[Event "42. Torneo Internacional de La Roda"]
[Site "La Roda ESP"]
[Date "2015.04.03"]
[Round "5.1"]
[White "Granda Zuniga, Julio E"]
[Black "Strikovic, Aleksa"]
[Result "1-0"]
[WhiteElo "2649"]
[BlackElo "2522"]
[PlyCount "87"]
[EventDate "2015.04.01"]
[EventType "swiss"]
[EventRounds "9"]
[EventCountry "ESP"]
[Source "lmi"]
[SourceDate "2015.04.01"]

1. d4 d6 2. Nf3 Nf6 3. c4 g6 4. Nc3 Bg7 5. e4 O-O 6. h3 e5 7. d5 Nh5 8. g3 f5
9. exf5 gxf5 10. Nh4 Nf6 11. Bd3 e4 12. Be2 Na6 13. Be3 Nc5 14. Qd2 Nfd7 15.
Bg5 Bf6 16. Bh6 Ne5 17. Bxf8 Qxf8 18. Kf1 Qg7 19. Ng2 Ncd3 20. Bxd3 Nxd3 21.
Nf4 Nxb2 22. Rc1 Nxc4 23. Qe2 Ne5 24. Nb5 Bd8 25. Nd4 Nd3 26. Nxd3 Qxd4 27. Nf4
Bd7 28. Kg2 c5 29. dxc6 Bxc6 30. Rhd1 e3+ 31. Kh2 Qe5 32. Qxe3 Bg5 33. Qb3+ Kh8
34. Re1 Qd4 35. Qc3 Bf6 36. Qxd4 Bxd4 37. Re2 Kg8 38. Rd2 Be5 39. Nd5 Kf7 40.
f4 Bg7 41. Nb4 Be4 42. Rc7+ Kg8 43. Nd5 Rd8 44. Rxb7 1-0

[Event "42. Torneo Internacional de La Roda"]
[Site "La Roda ESP"]
[Date "2015.04.03"]
[Round "5.2"]
[White "Martin Duque, Jesus"]
[Black "Kovchan, Alexander"]
[Result "1/2-1/2"]
[WhiteElo "2377"]
[BlackElo "2581"]
[PlyCount "41"]
[EventDate "2015.04.01"]
[EventType "swiss"]
[EventRounds "9"]
[EventCountry "ESP"]
[Source "lmi"]
[SourceDate "2015.04.01"]

1. e4 c5 2. Nf3 d6 3. Bb5+ Nc6 4. O-O Bd7 5. Re1 Nf6 6. c3 a6 7. Bf1 Bg4 8. h3
Bxf3 9. Qxf3 g6 10. d3 Bg7 11. Be3 e5 12. Nd2 O-O 13. Qd1 Rb8 14. a3 Re8 15. g3
Bf8 16. Bg2 Nh5 17. Qg4 Nf6 18. Qd1 Nh5 19. Qg4 Nf6 20. Qd1 Nh5 21. Qg4 1/2-1/2

[Event "42. Torneo Internacional de La Roda"]
[Site "La Roda ESP"]
[Date "2015.04.03"]
[Round "5.3"]
[White "Plazuelo Pascual, Juan"]
[Black "Peralta, Fernando"]
[Result "1/2-1/2"]
[WhiteElo "2323"]
[BlackElo "2569"]
[PlyCount "38"]
[EventDate "2015.04.01"]
[EventType "swiss"]
[EventRounds "9"]
[EventCountry "ESP"]
[Source "lmi"]
[SourceDate "2015.04.01"]

1. d4 d6 2. Nf3 Bg4 3. c4 Bxf3 4. exf3 g6 5. g3 Bg7 6. Bg2 e6 7. Nc3 Ne7 8. d5
exd5 9. Nxd5 Nxd5 10. cxd5 O-O 11. O-O Nd7 12. f4 Nb6 13. Qc2 Qd7 14. a4 Nc8
15. Bd2 Ne7 16. Bc3 Bxc3 17. Qxc3 c6 18. dxc6 bxc6 19. b4 d5 1/2-1/2

[Event "42. Torneo Internacional de La Roda"]
[Site "La Roda ESP"]
[Date "2015.04.03"]
[Round "5.4"]
[White "Ortega Lopez, Mikel"]
[Black "Perez Candelario, Manuel"]
[Result "0-1"]
[WhiteElo "2175"]
[BlackElo "2566"]
[PlyCount "46"]
[EventDate "2015.04.01"]
[EventType "swiss"]
[EventRounds "9"]
[EventCountry "ESP"]
[Source "lmi"]
[SourceDate "2015.04.01"]

1. e4 c5 2. Nf3 e6 3. d4 cxd4 4. Nxd4 Nc6 5. Nc3 Qc7 6. Be3 a6 7. Qd2 Nf6 8. f4
d6 9. O-O-O Be7 10. Be2 O-O 11. g4 Nxd4 12. Qxd4 e5 13. Qd3 exf4 14. Bxf4 Be6
15. g5 Nd7 16. Bxd6 Bxd6 17. Qxd6 Qa5 18. Kb1 Qxg5 19. Nd5 Rad8 20. Rd3 Kh8 21.
Nf4 Ne5 22. Nxe6 fxe6 23. Rg3 Qf4 0-1

[Event "42. Torneo Internacional de La Roda"]
[Site "La Roda ESP"]
[Date "2015.04.03"]
[Round "5.5"]
[White "Arribas Lopez, Angel"]
[Black "Lopez Mulet, Inigo"]
[Result "1-0"]
[WhiteElo "2524"]
[BlackElo "2356"]
[PlyCount "77"]
[EventDate "2015.04.01"]
[EventType "swiss"]
[EventRounds "9"]
[EventCountry "ESP"]
[Source "lmi"]
[SourceDate "2015.04.01"]

1. e4 e6 2. d4 d5 3. e5 c5 4. c3 Nc6 5. Nf3 Bd7 6. Be2 Nh6 7. Bxh6 gxh6 8. O-O
Bg7 9. Qd2 cxd4 10. cxd4 O-O 11. Nc3 f6 12. Bb5 Qe8 13. Bxc6 Bxc6 14. exf6 Rxf6
15. Ne5 Rf5 16. Rfe1 Rc8 17. Re3 Bxe5 18. Rxe5 Rxe5 19. dxe5 Qg6 20. Qd4 b6 21.
Re1 Be8 22. b3 Qc2 23. Qg4+ Kh8 24. Qf4 Kg8 25. Ne2 Bd7 26. h3 Qg6 27. Qb4 Qf7
28. Nf4 Rc2 29. Re3 Qf8 30. Rg3+ Kf7 31. Nxd5 Qxb4 32. Rf3+ Kg7 33. Nxb4 Rc1+
34. Kh2 a5 35. Nd3 Rc2 36. Nf4 Rxa2 37. Nh5+ Kg6 38. g4 Ra1 39. h4 1-0

[Event "42. Torneo Internacional de La Roda"]
[Site "La Roda ESP"]
[Date "2015.04.03"]
[Round "5.6"]
[White "Forcen Esteban, Daniel"]
[Black "Jimenez Martinez, Jose Vicente"]
[Result "1-0"]
[WhiteElo "2519"]
[BlackElo "2301"]
[PlyCount "91"]
[EventDate "2015.04.01"]
[EventType "swiss"]
[EventRounds "9"]
[EventCountry "ESP"]
[Source "lmi"]
[SourceDate "2015.04.01"]

1. d4 g6 2. c4 Bg7 3. Nc3 d6 4. e4 Nf6 5. Nf3 O-O 6. Be2 e5 7. Be3 Ng4 8. Bg5
f6 9. Bh4 g5 10. Bg3 Nh6 11. dxe5 dxe5 12. Qc2 c6 13. Nd2 Qe7 14. O-O-O Nf7 15.
f3 Na6 16. a3 Nc5 17. Bf2 Ne6 18. Nb3 b6 19. Kb1 Bb7 20. h4 h6 21. c5 b5 22.
Na5 Qc7 23. b4 Rad8 24. Nb3 Rxd1+ 25. Nxd1 Bc8 26. Ne3 Nd4 27. Nxd4 exd4 28.
Nf5 Bxf5 29. exf5 Rd8 30. Qe4 a5 31. Bxd4 axb4 32. axb4 Qg3 33. Bd1 Qxg2 34.
Re1 Qd2 35. Bb2 Qd5 36. Qxd5 Rxd5 37. Bb3 Rxf5 38. Re7 gxh4 39. Rxf7 Rxf3 40.
Be6 Kh7 41. Bd7 Rb3 42. Bxc6 Rxb4 43. Re7 Kg8 44. Bd5+ Kf8 45. Rf7+ Kg8 46. c6
1-0

[Event "42. Torneo Internacional de La Roda"]
[Site "La Roda ESP"]
[Date "2015.04.03"]
[Round "5.7"]
[White "Starostits, Ilmars"]
[Black "Fernandez Lledo, Javier"]
[Result "1/2-1/2"]
[WhiteElo "2460"]
[BlackElo "2289"]
[PlyCount "31"]
[EventDate "2015.04.01"]
[EventType "swiss"]
[EventRounds "9"]
[EventCountry "ESP"]
[Source "lmi"]
[SourceDate "2015.04.01"]

1. e4 d6 2. d4 Nf6 3. Nc3 e5 4. Nf3 Nbd7 5. Bc4 Be7 6. O-O Nb6 7. Bb5+ c6 8.
dxe5 dxe5 9. Qxd8+ Bxd8 10. Bd3 Bc7 11. b3 O-O 12. Ba3 Re8 13. Nh4 a5 14. f3 g6
15. Rad1 Be6 16. g3 1/2-1/2

[Event "42. Torneo Internacional de La Roda"]
[Site "La Roda ESP"]
[Date "2015.04.03"]
[Round "5.8"]
[White "Adla, Diego"]
[Black "Uran Bermudez, Oliver Kevin"]
[Result "1/2-1/2"]
[WhiteElo "2451"]
[BlackElo "2174"]
[PlyCount "92"]
[EventDate "2015.04.01"]
[EventType "swiss"]
[EventRounds "9"]
[EventCountry "ESP"]
[Source "lmi"]
[SourceDate "2015.04.01"]

1. Nf3 c5 2. c4 Nc6 3. Nc3 Nf6 4. g3 d5 5. cxd5 Nxd5 6. Bg2 e6 7. O-O Be7 8. d4
O-O 9. e4 Nxc3 10. bxc3 b6 11. Bf4 Na5 12. Qe2 Bb7 13. Rfd1 Qe8 14. d5 exd5 15.
exd5 Bf6 16. Qc2 Qd7 17. Rac1 Nc4 18. Nd2 Nxd2 19. Rxd2 Rfe8 20. h4 Be5 21.
Bxe5 Rxe5 22. c4 Rae8 23. Kh2 Qd6 24. a4 Bc8 25. a5 g5 26. hxg5 Rxg5 27. axb6
axb6 28. Re2 Qh6+ 29. Kg1 Rxe2 30. Qxe2 Re5 31. Qb2 Re2 32. Qc3 Qd2 33. Qxd2
Rxd2 34. Bf1 Bf5 35. Rc3 Rd1 36. g4 Bg6 37. Kg2 Kf8 38. Re3 Rd4 39. f3 Bc2 40.
Kg3 Ba4 41. Ra3 Bc2 42. Kf2 Ke7 43. Ke3 Bb1 44. Be2 Bc2 45. Rc3 Bb1 46. Ra3 Bc2
1/2-1/2

[Event "42. Torneo Internacional de La Roda"]
[Site "La Roda ESP"]
[Date "2015.04.03"]
[Round "5.9"]
[White "Paunovic, Dragan"]
[Black "Roldan Marques, Daniel"]
[Result "1-0"]
[WhiteElo "2442"]
[BlackElo "2021"]
[PlyCount "77"]
[EventDate "2015.04.01"]
[EventType "swiss"]
[EventRounds "9"]
[EventCountry "ESP"]
[Source "lmi"]
[SourceDate "2015.04.01"]

1. Nf3 Nf6 2. c4 e6 3. Nc3 d5 4. d4 Nbd7 5. cxd5 exd5 6. Bg5 Be7 7. e3 O-O 8.
Bd3 c6 9. Qc2 Re8 10. O-O Nf8 11. Bf4 Ng6 12. Bg3 Bd6 13. Rab1 Bxg3 14. hxg3
Qe7 15. b4 a6 16. Na4 Ne4 17. Bxe4 dxe4 18. Nd2 Nf8 19. Nb6 Rb8 20. a4 f5 21.
b5 axb5 22. axb5 cxb5 23. Rxb5 Be6 24. Rfb1 Nd7 25. Nb3 Nxb6 26. Rxb6 Rec8 27.
Nc5 Bd5 28. Qe2 Rxc5 29. dxc5 Rc8 30. Rc1 Rxc5 31. Rxc5 Qxc5 32. Qb5 Qxb5 33.
Rxb5 Be6 34. Rxb7 h6 35. Re7 Bf7 36. f3 Bg6 37. fxe4 fxe4 38. g4 Kf8 39. Rd7
1-0

[Event "42. Torneo Internacional de La Roda"]
[Site "La Roda ESP"]
[Date "2015.04.03"]
[Round "5.10"]
[White "Santos Ruiz, Miguel"]
[Black "Maier, Christian"]
[Result "1/2-1/2"]
[WhiteElo "2315"]
[BlackElo "2380"]
[PlyCount "43"]
[EventDate "2015.04.01"]
[EventType "swiss"]
[EventRounds "9"]
[EventCountry "ESP"]
[Source "lmi"]
[SourceDate "2015.04.01"]

1. Nf3 Nf6 2. c4 e6 3. g3 d5 4. Bg2 Be7 5. b3 O-O 6. Bb2 c5 7. e3 Nc6 8. O-O
dxc4 9. bxc4 Qb6 10. Qb3 Rd8 11. Ne5 Bd7 12. Nxd7 Rxd7 13. Bc3 Ne8 14. Na3 Bf6
15. Rab1 Qxb3 16. axb3 Nb4 17. d4 Na2 18. Bb2 cxd4 19. exd4 Bxd4 20. Bxd4 Rxd4
21. Bxb7 Rb8 22. Nb5 1/2-1/2